000 00221 a2200109 4500
001 63113
082 _a823COR
090 _c37280
_d37280
100 _aCornwell, P.
245 _aBody Farm
260 _bWarner Books
_c1994
942 _aNUST-CAE
_k823COR
999 _c298186
_d298186